Опыт применения бетатронов НИИ интроскопии при ТПУ в составе компьютерных томографов "ПРОМИНТРО"; Известия Томского политехнического университета [Известия ТПУ]; Неразрушающий контроль и диагностика

Xehetasun bibliografikoak
Parent link:Томский политехнический университет. Известия Томского политехнического университета [Известия ТПУ]/ Томский политехнический университет (ТПУ).— .— Томск: Изд-во ТПУ, 1998-2015.— 1684-8519
Неразрушающий контроль и диагностика.— 2008.— [С. 32-35]
Beste egile batzuk: Вайнберг Э. И., Вайнберг И. А., Касьянов В. А. Валерий Алексеевич, Чахлов В. Л. Владимир Лукьянович, Штейн М. М. Михаил Михайлович
Gaia:Заглавие с титульного листа
Электронная версия печатной публикации
Hizkuntza:errusiera
Argitaratua: 2008
Saila:Радиационные методы контроля и испытаний
Gaiak:
Sarrera elektronikoa:http://www.lib.tpu.ru/fulltext/v/Bulletin_TPU/2008/v312/i2app/07.pdf
Formatua: MixedMaterials Baliabide elektronikoa Liburu kapitulua
KOHA link:https://koha.lib.tpu.ru/cgi-bin/koha/opac-detail.pl?biblionumber=172980

MARC

LEADER 00000naa2a2200000 4500
001 172980
005 20240611160724.0
035 |a (RuTPU)RU\TPU\book\187636 
035 |a RU\TPU\book\187633 
090 |a 172980 
100 |a 20091217d2008 k y0rusy50 ca 
101 0 |a rus 
102 |a RU 
135 |a drnn ---uucaa 
181 0 |a i  
182 0 |a b 
200 1 |a Опыт применения бетатронов НИИ интроскопии при ТПУ в составе компьютерных томографов "ПРОМИНТРО"  |f Э. И. Вайнберг [и др.] 
203 |a Текст  |c электронный 
215 |a 1 файл (5.5 Мб) 
225 1 |a Радиационные методы контроля и испытаний 
300 |a Заглавие с титульного листа 
300 |a Электронная версия печатной публикации 
320 |a [Библиогр.: с. 35 (7 назв.)] 
337 |a Adobe Reader 
461 1 |0 162495  |t Известия Томского политехнического университета [Известия ТПУ]  |f Томский политехнический университет (ТПУ)  |d 1998-2015  |9 162495  |a Томский политехнический университет  |c Томск  |n Изд-во ТПУ  |x 1684-8519 
463 1 |0 172956  |t Неразрушающий контроль и диагностика  |d 2008  |p 418 с.  |9 172956  |a Клименов, В. А. (российский ученый, специалист в области неразрушающего контроля ; 1951-)  |o Труды Международной научно-технической конференции, Томск 2008 г.  |v [С. 32-35] 
610 1 |a бетатроны 
610 1 |a томографы 
610 1 |a компьютерные томографы 
610 1 |a неразрушающий контроль 
610 1 |a труды учёных ТПУ 
610 1 |a электронный ресурс 
701 1 |a Вайнберг  |b Э. И. 
701 1 |a Вайнберг  |b И. А. 
701 1 |a Касьянов  |b В. А.  |c зав. лаб. № 41 научно-исследовательского института интроскопии (НИИ ИН), ТПУ  |c кандидат технических наук  |f 1950-  |g Валерий Алексеевич  |3 (RuTPU)RU\TPU\pers\25526 
701 1 |a Чахлов  |b В. Л.  |c физик  |c заслуженный деятель науки и техники Российской Федерации  |c заслуженный профессор Томского политехнического университета, доктор технических наук  |f 1934-2011  |g Владимир Лукьянович  |3 (RuTPU)RU\TPU\pers\19882 
701 1 |a Штейн  |b М. М.  |c физик  |c заведующий лабораторией Томского политехнического университета, кандидат технических наук  |f 1938-  |g Михаил Михайлович  |3 (RuTPU)RU\TPU\pers\31481 
801 1 |a RU  |b 63413507  |c 20090401  |g PSBO 
801 2 |a RU  |b 63413507  |c 20160113  |g RCR 
856 4 |u http://www.lib.tpu.ru/fulltext/v/Bulletin_TPU/2008/v312/i2app/07.pdf 
942 |c CF